|
|
|
|
| LEADER |
00000cab a2200000 4500 |
| 001 |
vtls011514946 |
| 003 |
SK-MaSNL |
| 005 |
20260303221249.0 |
| 008 |
230704|1962 xo |||||||||||||||||slo| |
| 015 |
|
|
|a SNBRB
|
| 035 |
|
|
|a (urnnbn)urn:nbn:sk:snk:ar-001gvz
|
| 035 |
|
|
|a (uuid)a1f425b8-341c-4ab8-a252-d6906ffae13c
|
| 035 |
|
|
|a urn:nbn:sk:snk-abe4p4
|
| 040 |
|
|
|a SNKBUCL
|b slo
|c SNKBUCL
|e AACR2
|
| 041 |
0 |
|
|a slo
|
| 044 |
|
|
|a xo
|c SK
|
| 080 |
|
|
|a 821.162.4-1
|2 2011
|
| 100 |
1 |
|
|a Janovic, Tomáš,
|d 1937-2023
|4 aut
|9 103580
|
| 245 |
1 |
0 |
|a Malé výmysly
|c Tomáš Janovic
|
| 655 |
|
7 |
|a slovenská poézia
|2 SNKPH
|9 70444
|
| 773 |
0 |
|
|t Slovenské pohľady
|g Roč. 78, č. 6 (1962), s. 90
|
| 850 |
|
|
|a Slovenská národná knižnica
|
| 852 |
|
|
|a Slovenská národná knižnica
|
| 958 |
|
|
|a LX
|
| 958 |
|
|
|a BX
|
| 958 |
|
|
|a OND
|
| 958 |
|
|
|a EUIPO
|
| 958 |
|
|
|a article21
|
| 999 |
|
|
|c 2232313
|d 2234243
|